Visualizzazione normale
Vista MARC
- Biblia.
di Uniform Title
Records bibliografici associati: 1
001 - CONTROL NUMBER
- control field: 60862
003 - CONTROL NUMBER IDENTIFIER
- control field:
005 - DATE AND TIME OF LATEST TRANSACTION
- control field: 20240629101142.0
008 - FIXED-LENGTH DATA ELEMENTS
- fixed length control field: 240629|| aca||aabn | a|a d
040 ## - CATALOGING SOURCE
- Original cataloging agency:
- Transcribing agency:
130 ## - HEADING--UNIFORM TITLE
- Uniform title: Biblia.
- Name of part/section of a work: V.T.
- Name of part/section of a work: Leviticus
- General subdivision: Critica e interpretazione italiano
670 ## - SOURCE DATA FOUND
- Source citation: Work cat.: ()360169: Vogels, Walter, 1932- autore. 60860, Levitico: celebrazione e santità /